How nonprofit arts organizations sustain communities: Examining the relationship between organizational strategy and engagement in community sustainability (Record no. 514512)

000 -LEADER
fixed length control field 01562nam a22001577a 4500
008 - FIXED-LENGTH DATA ELEMENTS--GENERAL INFORMATION
fixed length control field 201110b ||||| |||| 00| 0 eng d
100 ## - MAIN ENTRY--PERSONAL NAME
Personal name Moldavanova, Alisa V. and Wirght Nathaniel S.
245 ## - TITLE STATEMENT
Title How nonprofit arts organizations sustain communities: Examining the relationship between organizational strategy and engagement in community sustainability
260 ## - PUBLICATION, DISTRIBUTION, ETC. (IMPRINT)
Place of publication, distribution, etc American Review of Public Administration
300 ## - PHYSICAL DESCRIPTION
Extent 50(3), Apr, 2020: p.244-259
520 ## - SUMMARY, ETC.
Summary, etc This article investigates the relationship between several elements of organizational strategy and arts and culture nonprofits perceived contributions to community sustainability. We ask the following research question: What are the drivers of arts and culture nonprofits’ engagement in community sustainability? Drawing on data collected from a survey of 175 nonprofits in the state of Michigan, this article reports the findings about arts and culture organizations perceived engagement in community sustainability and factors that may foster or inhibit such engagement. The study advances our understanding of the role that nonprofit organizations play in fostering local sustainable development, and it also informs broader scholarly discourse on the role of arts and culture organizations in a society- Reproduced
650 ## - SUBJECT ADDED ENTRY--TOPICAL TERM
Topical term or geographic name as entry element Community sustainability, Arts and culture, Nonprofit organizational strategy, Human resource capacity, Performance measurement
9 (RLIN) 19216
773 ## - HOST ITEM ENTRY
Main entry heading American Review Of Public Administration
906 ## - LOCAL DATA ELEMENT F, LDF (RLIN)
Subject DIP COMMUNITY SUSTAINABILITY
942 ## - ADDED ENTRY ELEMENTS (KOHA)
Item type Articles
Holdings
Withdrawn status Lost status Source of classification or shelving scheme Damaged status Not for loan Permanent location Current location Date acquired Serial Enumeration / chronology Barcode Date last seen Koha item type
          Indian Institute of Public Administration Indian Institute of Public Administration 2020-11-10 50(3), Apr, 2020: p.244-259 AR123506 2020-11-10 Articles

Powered by Koha